000 00626nam 22002293 4500
001 199897
010 _a972-41-0950-X
021 _aPT
_b48049/91
090 _a199897
100 _a20260114d u||y0pory50 ba
200 _aSemente de vagabundo
_fDominique David
_gtradução de Francisco Alba Linhares
205 _a
210 _aPorto
_cEdições Asa
_d1992
215 _a48 p.
_cil. ; encadernado
_d30 cm
225 _aJimmy Boy
606 _91586
_aDesenho Artístico
610 _abanda desenhada
675 _a74
_vPT
_zpor
700 _99542
_aDavid
_bDominique
801 _aPT
_bBMMN
_gRPC
830 _cIsabel
990 _cLIVROS